Оптимизация конструкции реакторного блока установки Л-35-11/1000 с применением математической модели; Нефтепереработка и нефтехимия; № 8

Detalles Bibliográficos
Parent link:Нефтепереработка и нефтехимия: научно-технические достижения и передовой опыт/ Центральный научно-исследовательский институт информации и технико-экономических исследований нефтеперерабатывающей и нефтехимической промышленности (ЦНИИТЭнефтехим).— , 1963-.— 0233-5727
№ 8.— 2011.— С. 46-50
Otros Autores: Каракулов А. С. Александр Сергеевич, Шарова Е. С. Екатерина Сергеевна, Кравцов А. В. Анатолий Васильевич, Иванчина Э. Д. Эмилия Дмитриевна, Чеканцев Н. В. Никита Витальевич, Климова Е. С.
Lenguaje:ruso
Publicado: 2011
Materias:
Formato: MixedMaterials Capítulo de libro
KOHA link:https://koha.lib.tpu.ru/cgi-bin/koha/opac-detail.pl?biblionumber=467816

MARC

LEADER 00000naa2a2200000 4500
001 467816
005 20240111091340.0
035 |a (RuTPU)RU\TPU\prd\132800 
035 |a RU\TPU\prd\132725 
090 |a 467816 
100 |a 20120215a2011 k y0rusy50 ca 
101 0 |a rus 
102 |a RU 
200 1 |a Оптимизация конструкции реакторного блока установки Л-35-11/1000 с применением математической модели  |f А. С. Каракулов [и др.] 
461 1 |0 (RuTPU)RU\TPU\prd\277  |x 0233-5727  |t Нефтепереработка и нефтехимия  |o научно-технические достижения и передовой опыт  |o информационный сборник  |f Центральный научно-исследовательский институт информации и технико-экономических исследований нефтеперерабатывающей и нефтехимической промышленности (ЦНИИТЭнефтехим)  |d 1963- 
463 1 |0 (RuTPU)RU\TPU\prd\121970  |t № 8  |v С. 46-50  |d 2011 
610 1 |a труды учёных ТПУ 
701 1 |a Каракулов  |b А. С.  |c специалист в области электротехники  |c доцент Томского политехнического университета, кандидат технических наук  |f 1975-  |g Александр Сергеевич  |3 (RuTPU)RU\TPU\pers\27104  |9 12654 
701 1 |a Шарова  |b Е. С.  |c химик  |c доцент Томского политехнического университета, кандидат технических наук  |f 1984-  |g Екатерина Сергеевна  |3 (RuTPU)RU\TPU\pers\25019  |9 11152 
701 1 |a Кравцов  |b А. В.  |c химик-технолог  |c профессор-консультант Томского политехнического университета, доктор технических наук  |f 1938-  |g Анатолий Васильевич  |3 (RuTPU)RU\TPU\pers\19827 
701 1 |a Иванчина  |b Э. Д.  |c химик  |c профессор Томского политехнического университета, доктор технических наук  |f 1951-  |g Эмилия Дмитриевна  |3 (RuTPU)RU\TPU\pers\24966 
701 1 |a Чеканцев  |b Н. В.  |c химик-технолог  |c доцент Томского политехнического университета, инженер, кандидат технических наук  |f 1985-  |g Никита Витальевич  |3 (RuTPU)RU\TPU\pers\25018 
701 1 |a Климова  |b Е. С. 
801 1 |a RU  |b 63413507  |c 20120215 
801 2 |a RU  |b 63413507  |c 20120831  |g RCR 
942 |c BK